Catálogo - Centro de Recursos para el Aprendizaje y la Investigación

Volver al Sitio - CRAI Biblioteca

Derecho de familia y de la personalidad / (Registro nro. 113899)

Detalles MARC
000 -CABECERA
campo de control de longitud fija 01704nam a2200289 4500
001 - NÚMERO DE CONTROL
campo de control 113899
003 - IDENTIFICADOR DEL NÚMERO DE CONTROL
campo de control DR-UNIBE
005 - FECHA Y HORA DE LA ÚLTIMA TRANSACCIÓN
campo de control 20250721095859.0
008 - DATOS DE LONGITUD FIJA--INFORMACIÓN GENERAL
campo de control de longitud fija 250721b2008 dr ||||| |||| 00| 0 spa d
020 ## - NÚMERO INTERNACIONAL ESTÁNDAR DEL LIBRO
Número Internacional Estándar del Libro 9789945162165
040 ## - FUENTE DE LA CATALOGACIÓN
Centro catalogador/agencia de origen BIBLIOTECA UNIBE
Centro/agencia transcriptor BIBLIOTECA UNIBE
Lengua de catalogación spa
041 ## - CÓDIGO DE LENGUA
Código de lengua del texto/banda sonora o título independiente spa
Código de lengua original spa
082 ## - NÚMERO DE LA CLASIFICACIÓN DECIMAL DEWEY
Número de edición 22
Número de clasificación RD 346.015 E91d
100 1# - ENTRADA PRINCIPAL--NOMBRE DE PERSONA
Nombre de persona Eusebio Gautreau, Dora Evangelina
Término indicativo de función/relación autor
9 (RLIN) 197478
245 10 - MENCIÓN DE TÍTULO
Título Derecho de familia y de la personalidad /
Mención de responsabilidad, etc. Dora Evangelina Eusebio Gautreau
250 ## - MENCIÓN DE EDICIÓN
Mención de edición Segunda edición ampliada y actualizada
260 ## - PUBLICACIÓN, DISTRIBUCIÓN, ETC.
Lugar de publicación, distribución, etc. Santo Domingo :
Nombre del editor, distribuidor, etc. Mericarib, S.A.,
Fecha de publicación, distribución, etc. 2008
300 ## - DESCRIPCIÓN FÍSICA
Extensión xxvi, 325 páginas ;
Dimensiones 21 cm
500 0# - NOTA GENERAL
Nota general Prólogo a la segunda edición |<br/>Prefacio a la primera edición |<br/>Capítulo I. La familia y el derecho de familia |<br/>Capítulo II. Origen y evolución de la familia |<br/>Capítulo III. La familia en la legislación dominicana |<br/>Capítulo IV. Los sujetos de derecho. Las personas |<br/>Capítulo V. La ausencia y la desaparición |<br/>Capítulo VI. Los derechos de la personalidad |<br/>Capítulo VII. Atentados contra la personalidad y la dignidad de las personas |<br/>Capítulo VIII. El estado civil de las personas |<br/>Capítulo IX. Las actas del estado civil |<br/>Capítulo X. Las relaciones de pareja. El matrimonio |<br/>Capítulo XI. Las uniones consensuales |<br/>Capítulo XII. El divorcio<br/>
504 ## - NOTA DE BIBLIOGRAFÍA, ETC.
Nota de bibliografía, etc. Incluye referencias bibliográficas (páginas: 319-325) e índice
650 #7 - PUNTO DE ACCESO ADICIONAL DE MATERIA--TÉRMINO DE MATERIA
Fuente del encabezamiento o término lemb
Término de materia o nombre geográfico como elemento de entrada Derecho de familia
Subdivisión geográfica República Dominicana
9 (RLIN) 14939
650 #7 - PUNTO DE ACCESO ADICIONAL DE MATERIA--TÉRMINO DE MATERIA
Fuente del encabezamiento o término lemb
Término de materia o nombre geográfico como elemento de entrada Derecho civil
650 #7 - PUNTO DE ACCESO ADICIONAL DE MATERIA--TÉRMINO DE MATERIA
Fuente del encabezamiento o término lemb
Término de materia o nombre geográfico como elemento de entrada Personalidad (Derecho)
9 (RLIN) 31701
650 #7 - PUNTO DE ACCESO ADICIONAL DE MATERIA--TÉRMINO DE MATERIA
Fuente del encabezamiento o término lemb
Término de materia o nombre geográfico como elemento de entrada Familia
Subdivisión general Aspectos sociales
9 (RLIN) 197479
650 #7 - PUNTO DE ACCESO ADICIONAL DE MATERIA--TÉRMINO DE MATERIA
Fuente del encabezamiento o término lemb
Término de materia o nombre geográfico como elemento de entrada Relaciones familiares
942 ## - ELEMENTOS DE PUNTO DE ACCESO ADICIONAL (KOHA)
Fuente del sistema de clasificación o colocación Sistema de Clasificación Decimal Dewey
Tipo de ítem Koha Libro (general)
Existencias
Estado de retiro Estado de pérdida Fuente del sistema de clasificación o colocación No para préstamo Código de colección Localización permanente Fecha de adquisición Total de préstamos Signatura topográfica completa Código de barras Fecha visto por última vez Número de copia Precio válido a partir de Tipo de ítem Koha
  Disponible Sistema de Clasificación Decimal Dewey   General - Libros dominicanos Biblioteca Central UNIBE 21/05/2025   RD 346.015 E91d 250871 21/07/2025 Ej. 1 21/07/2025 Libro (general)